Business : (Record no. 3883)
[ view plain ]
| 000 -LEADER | |
|---|---|
| fixed length control field | 01904pam a2200193 a 4500 |
| 020 ## - INTERNATIONAL STANDARD BOOK NUMBER | |
| ISBN | 0256114129 |
| 050 00 - CALL NUMBER | |
| Classification number | HF5351 |
| Item number | .Z54 |
| 100 1# - AUTHOR | |
| Personal name | Zikmund, William G. |
| 245 10 - TITLE | |
| Title | Business : |
| Remainder of title | the American challenge for global competitiveness / |
| Statement of responsibility, etc | William G. Zikmund, R. Dennis Middlemist, Melanie R. Middlemist. |
| 260 ## - PUBLICATION INFORMATION | |
| Place of publication | Homewood, IL : |
| Name of publisher | Austen Press ; |
| Place of publication | Burr Ridge, Ill. : |
| Name of publisher | Irwin, |
| Year of publication | c1995. |
| 300 ## - DESCRIPTION | |
| Number of Pages | 1 v. (various pagings) : |
| Other physical details | col. ill., col. map ; |
| Dimensions | 26 cm. |
| 500 ## - NOTES | |
| General note | Includes bibliographical references and index |
| 505 ## - FORMATTED CONTENTS NOTE | |
| Table of Content | Part 1: Business Foundations<br/>Chapter 1. The Nature of Business<br/>Chapter 2. Capitalism and Contemporary Economics<br/>Chapter 3. Economic and Global Issues in our Service Economy<br/>Chapter 4. Forms of Business Ownership <br/>Chapter 5. The business Mission and Social Responsibility<br/>Chapter 6. Small Business, Entrepreneurship, and Franchises<br/><br/>Part 2: Organizational Management <br/>Chapter 7. The function of management <br/>Chapter 8. Organizational structure <br/>Chapter 9. Production, Logistics, and Quality improvement Processes<br/><br/>Part 3: Human Resources<br/>Chapter 10. Human Relations, Motivation and Performance<br/>Chapter 11. Human Resource Management<br/>Chapter 12, Employee relations <br/><br/>Part 4. Marketing Management<br/>Chapter 13. Marketing Principles<br/>Chapter 14. Products, Brands, and Prices <br/>Chapter 15. Distribution <br/>Chapter 16. Promotion <br/><br/>Part 5. Tools for Business Decisions Making<br/>Chapter 17. Information for Managers<br/>Chapter 18. Accounting<br/><br/>Part 6. Finance<br/>Chapter 19. Money and Financial Institutions <br/>Chapter 20. The Securities Markets<br/>Chapter 21. Financial Management<br/>Chapter 22. Managing Risk and Insurance<br/><br/>Part 7. Business Opportunities and Constraints<br/>Chapter 23. Business law and Government Regulations |
| 650 #0 - SUBJECTS | |
| Topical Term | Business. |
| 650 #0 - SUBJECTS | |
| Topical Term | Management. |
| 700 1# - OTHER AUTHORS | |
| Personal name | Middlemist, R. Dennis. |
| 700 1# - OTHER AUTHORS | |
| Personal name | Middlemist, Melanie R. |
| 942 ## - ADDED ENTRY ELEMENTS (KOHA) | |
| Koha item type | Books |
| Withdrawn status | Lost status | Home library | Current library | Shelving location | Date acquired | Full call number | Accession Number | Koha item type | Collection code |
|---|---|---|---|---|---|---|---|---|---|
| Methodist University Library Main | Methodist University Library Main | General Stacks | 02/12/1999 | HF5351 .Z54 | 25398 | Books | |||
| Methodist University Library Main | Methodist University Library Main | General Stacks | 02/12/1999 | HF5351 .Z54 | 25399 | Books | |||
| Methodist University Library Main | Methodist University Library Main | General Stacks | 02/12/1999 | HF5351 .Z54 | 25395 | Books | Non-fiction |